000 01898nam0a2200433 4500
001 RU\NLR\bibl\1446698
005 20260405191836.0
010 _a978-5-9614-0989-5
_bСерия "Принципы успеха"
010 _a978-5-9614-1141-6
_bрус.
_91500
021 _aRU
_b2009-83797
_95264
035 _a(nilc)RSL-KNO-004398945
035 _a(NLR Aleph) 001438529
090 _a1447929
_c1447929
100 _a20091012d2009 |||y0rusy50 ca
101 1 _arus
_ceng
102 _aRU
105 _aa zzzz|||||
200 1 _aТворческое управление временем
_fДжен Ягер
_gпер. с англ. [М. Шалунова]
205 _a2-е изд.
210 _aМосква
_cАльпина Паблишерз
_d2009
215 _a204 с.
_cил.
_d21
225 1 _aСерия "Принципы успеха"
300 _aЗагл. и авт. ориг.: Creative time management for the new millennium / Jan Yager
300 _aНа с. 203 авт.: д-р Джен Ягер, до замужества Дж. Л. Баркас
320 _aБиблиогр.: с. 199-202
454 0 _12001#$aCreative time management for the new millennium$fJan Yager
_1700#1$3RU\NLR\auth\7783820$7ba$aYager$bD.$gJan$4070
_tCreative time management for the new millennium
_aYager, Jan
606 1 _aБюджет времени
_xУправление
_xСоциально-психологические исследования
_92072830
_3RU\NLR\AUTH\661247685
610 0 _aбюджет времени
686 1 _aС550.45
686 _aС550.471
686 _aЮ935.113.921
700 1 _4070
_7ca
_8rus
_aЯгер
_bД.
_gДжен
_966747
_3RU\NLR\auth\7783819
801 0 _aRU
_bРКП
_c20091012
_grcr
801 1 _aRU
_bРГБ
_c20091012
801 2 _aRU
_bNLR
_c20091203
_grcr
942 _cBOOK
980 _aNB